000 00287nam a22001337a 4500
008 170227b xxu||||| |||| 00| 0 eng d
020 _a9780683055979
041 _aeng
080 _22 ED
_a577
100 _a5
101 _aSHMB
245 _aBIOCHIMISTRY
_cMARKS.D,B
942 _2udc
_cBK
999 _c6305
_d6305